El bosque de papel 1 : herminia mérega

Guardado en:
Autor Principal: Mérega, Herminia
Formato: Libro
Publicado: Buenos Aires : Santillana, 1995.
Materias:
Etiquetas: Agregar Etiqueta
Sin Etiquetas, Sea el primero en etiquetar este registro!
LEADER 00685nam a22002295a 4500
001 CEM.cems012517
005 20100714094554.0
008 130507s1995##################000#0#####d
003 CEMS
020 |a 9504602258 
082 0 4 |a SG372.41 
100 1 |a Mérega, Herminia 
245 1 0 |a El bosque de papel 1 :  |b herminia mérega 
260 |a Buenos Aires :  |b Santillana,  |c 1995. 
300 |a 255 p. 
500 |a Lectoescritura inicial 
653 |a Biblioteca maría de los Ángeles saggio 
653 |a Educación 
653 |a Educación primaria 
653 |a Lengua-1º egb 
653 |a Lengua-lectoescritura 
859 |a CEMS  |b BIB. CEMS - 11 de abril  |h SG372.41  |i M559  |p 23844.07  |t Ej.1  |v 1º  |3 1º